Présidentielle 2012 - Statistiques

Statistiques générales
  • Ce quiz a été pris 75 fois
  • Le résultat moyen est 8 sur 10
Statistiques - réponses
# Candidat(e) Score % Correct
3 Marine Le Pen 17,90 %
100%
1 François Hollande 28,63 % 51,64 %
99%
2 Nicolas Sarkozy 27,13 % 48,36 %
99%
5 François Bayrou 9,13 %
90%
4 Jean-Luc Mélenchon 11,10 %
88%
8 Philippe Poutou 1,15 %
76%
6 Eva Joly 2,31 %
66%
7 Nicolas Dupont-Aignan 1,79 %
64%
10 Jacques Cheminade 0,25 %
61%
9 Nathalie Arthaud 0,56 %
57%
Aucun quiz correspondant
Distribution des résultats
% des personnes avec chaque résultat
Percentile par nombre de réponses
Votre historique - résultats
Vous n’avez pas pris ce quiz